2019-20 Top 10 NBA Total Dunks Leaders - Statistics

General Stats
  • This quiz has been taken 6 times
  • The average score is 6 of 10
Answer Stats
Total Dunks Player % Correct
206 Rudy Gobert
100%
174 Giannis Antetokounmpo
83%
144 Anthony Davis
67%
146 Bam Adebayo
67%
123 Clint Capela
67%
124 Hassan Whiteside
67%
185 Mitchell Robinson
50%
165 Jarrett Allen
33%
117 John Collins
33%
134 Montrezl Harrell
33%
No matching quizzes found
Score Distribution
Percent of People with Each Score
Percentile by Number Answered
Your Score History
You have not taken this quiz